Land vs. Land #3 - Statistiken

Allgemein
  • Dieses Quiz wurde 68 mal gespielt
  • Das Durchschnittsergebnis liegt bei 12 aus 14
Antwortstatistiken
Frage Antwort % Korrekt
...Bruttoinlandsprodukt pro Kopf? Dänemark🇩🇰
98%
...Gesundheitswesen? Dänemark🇩🇰
97%
...Lebenserwartung? Dänemark🇩🇰
95%
...Gewinner? Dänemark🇩🇰
95%
...Bruttoinlandsprodukt? Dänemark🇩🇰
94%
...HDI (Human Development Index)? Dänemark🇩🇰
94%
...durchschnittlicher IQ? Dänemark🇩🇰
92%
...Happy Planet Index? Dänemark🇩🇰
85%
...Tourismus? Dänemark🇩🇰
85%
...Frieden? Dänemark🇩🇰
84%
...Einwohner? Paraguay🇵🇾
76%
...Exportmengen? Dänemark🇩🇰
68%
...Fläche? Paraguay🇵🇾
65%
...Militär? Dänemark🇩🇰
61%
Keine übereinstimmenden Quizze gefunden
Verteilung der Resultate
Anzahl Personen mit jedem Resultat
Perzentil nach korrekt beantworteten Fragen
Ihre Resultats-Entwicklung
Sie haben dieses Quiz noch nicht gespielt